| 000 | 00524nam a22001817a 4500 | ||
|---|---|---|---|
| 999 |
_c10334 _d10334 |
||
| 003 | AR-CdUCM | ||
| 008 | 190329b ||||| |||| 00| 0 spa d | ||
| 040 |
_aMUNICIPALIDAD PROVINCIAL DEL CUSCO _cBIBLIOTECA MUNICIPAL DEL CUSCO |
||
| 082 |
_23ed. _aEP / 895.1 / _bS47 |
||
| 100 |
_aSheng Tao, Ye _927134 |
||
| 245 | _aCuentos escogidos / | ||
| 260 |
_aBeijing : _bLenguas Extranjeras, _c1984. |
||
| 300 |
_a82 páginas ; _c20 cm. |
||
| 650 |
_aCuentos. _9217 |
||
| 650 |
_aChina. _9843 |
||
| 942 |
_2ddc _cLIBROS |
||
| 945 | _awfj | ||